Pénteken is sztrájkolnak
Elmentve itt :
| Dokumentumtípus: | Cikk |
|---|---|
| Megjelent: |
2004-10-12
|
| Sorozat: | Délmagyarország
94 No. 239 |
| Kulcsszavak: | Sztrájk, klinikák |
| Online Access: | http://dmarchiv.bibl.u-szeged.hu/125652 |
| LEADER | 00402nab a2200145 i 4500 | ||
|---|---|---|---|
| 001 | delm125652 | ||
| 005 | 20191125092056.0 | ||
| 008 | 191125s2004 hu o 0|| hun d | ||
| 040 | |a SZTE Délmagyarország Archívum |b hun | ||
| 041 | |a hun | ||
| 245 | 0 | 0 | |a Pénteken is sztrájkolnak |h [elektronikus dokumentum] |
| 260 | |c 2004-10-12 | ||
| 300 | |a 1 | ||
| 490 | 0 | |a Délmagyarország |v 94 No. 239 | |
| 695 | |a Sztrájk, klinikák | ||